| 000 | 00774nam a22002177a 4500 | ||
|---|---|---|---|
| 999 |
_c5013 _d5013 |
||
| 003 | AR-CdUCM | ||
| 008 | 190311b ||||| |||| 00| 0 spa d | ||
| 040 |
_aMUNICIPALIDAD PROVINCIAL DEL CUSCO _cBIBLIOTECA MUNICIPAL DEL CUSCO |
||
| 082 |
_a373.31 / _bC45 |
||
| 100 |
_aCerroni, Umberto _97343 |
||
| 245 | _aMetodología y ciencia social / | ||
| 260 |
_aBarcelona : _bMartinez Roca, _c1968. |
||
| 300 |
_a200 páginas ; _c20 cm. |
||
| 505 | _aPosibilidad de la ciencia social -- Conocimiento científico y derecho --Ciencia económica e ideológica... | ||
| 650 |
_aMetodología. _92264 |
||
| 650 |
_aCiencia social. _93526 |
||
| 650 |
_aConocimiento científico. _915331 |
||
| 700 |
_aMilella Lecce, Edizioni (traducción) _915332 |
||
| 942 |
_2ddc _cLIBROS |
||
| 945 | _awfj | ||